000 00652nam a2200229Ia 4500
003 OSt
005 20230511100312.0
008 210423s2013 xx 000 0 und d
020 _a978-1-107-63047-5
040 _cAL
041 _aeng
082 _a808.02 MORC
100 _aMORLEY (David);NEILSEN (Philip) Eds
_9102288
245 _aCambridge companion to creative writing
260 _aNew York
_bCambridge University Press
_c2013
300 _axviii,222p
_bPB
365 _b245
_cINR
650 _aLiterature
_9102289
650 _aRhetoric & Collections
_9102290
906 _aCambridge ; companion ; creative ; writing
942 _2ddc
_cBK
999 _c165834
_d165834